000 02335cam a2200613 i 4500
001 23098
003 KOSZ 005
005 20250624063523.0
008 250529s1985 pl a g 100 0 pol
015 _aUWD 1986/8057
035 _a991007802549705066
035 _a(PL-WaBN)b12020928-48omnis_nlop
035 _ab12020928
035 _a(OCoLC)830221132
035 _a(PL)b0000001202092
035 _a(EXLNZ-48OMNIS_NETWORK)9910477996405606
040 _aWA N
_cWA N
_dKOSZ 005/RW
045 _bd1920
_bd1945
046 _k1985
080 _a94(438).081
080 _a94(438).083
080 _a327
080 _a(06)
245 0 0 _aDwa powroty Polski nad Bałtyk 1920 i 1945 r. :
_bmateriały z konferencji odbytej dnia 28 i 29 marca 1985 r. w Koszalinie i Kołobrzegu /
_credakcja naukowa Bogusław Polak ; Instytut Nauk Społecznych Wyższej Szkoły Inżynierskiej w Koszalinie.
250 _aWydanie I.
260 _aKoszalin :
_bWydawnictwo Uczelniane Wyższej Szkoły Inzynierskiej,
_c1985.
300 _a490, [2] stron, [8] kart tablic :
_bfaksy, fotografie, mapy ;
_c21 cm.
336 _aTekst
_btxt
_2rdacontent
337 _aBez urządzenia pośredniczącego
_bn
_2rdamedia
338 _aWolumin
_bnc
_2rdacarrier
380 _aKsiążki
380 _aPublikacje naukowe
388 1 _a1901-2000
388 1 _a1945-1989
648 7 _a1901-2000
_2DBN
648 7 _a1918-1939
_2DBN
648 7 _a1945-1989
_2DBN
650 7 _aII wojna światowa (1939-1945)
_2DBN
650 7 _aGranice
_2DBN
650 7 _aOsadnictwo
_2DBN
650 7 _aPolityka międzynarodowa
_2DBN
651 7 _aPolska
_2DBN
651 7 _aPomorze
_2DBN
655 7 _aMateriały konferencyjne
_2DBN
655 7 _aPraca zbiorowa
_2DBN
658 _aHistoria
658 _aPolityka, politologia, administracja publiczna
700 1 _aPolak, Bogusław
_d(1945- )
_eRedakcja
710 2 _aStudium Nauk Społecznych (Wyższa Szkoła Inżynierska ; Koszalin)
710 2 _aWydawnictwo Uczelniane (Wyższa Szkoła Inżynierska ; Koszalin)
_4pbl
856 _uhttps://koha.tu.koszalin.pl/cgi-bin/koha/opac-detail.pl?biblionumber=23098
_yKatalog online BPK
942 _2UKD
_cKS
999 _c23098
_d23098